00559nam a2200217 a 4500001001300000003000900013005001700022008004100039020001000080082001500090100001700105245004300122260004700165300000900212500003500221505001700256650002000273650002000293650001100313700001700324nice12345678IN_TiNIC20260116015205.0050524s1974 laha grp 000 0 eng  ac10000a297.4bIQB aIqbal, Afzal aLife and Work of Muhammad Jalal-Ud-din aLahorebInstitute of Islamic Culturec1974 a308p aincludes index and biblioraphy2 aBibliography aRumi-Jalaluddin aJalaluddin Rumi aSufism1 aIqbal, Afzal